| 000 | 00901 a2200253 4500 | ||
|---|---|---|---|
| 005 | 20180312141959.0 | ||
| 008 | 140312s1995 mx a gr|||| 000 j spa d | ||
| 020 | _a9681647483 | ||
| 040 |
_aCO-BoUCM _bspa _cJose A. Gerena _dJose A. Gerena |
||
| 041 | 0 | _aspa | |
| 100 | 1 |
_aCañizo, José Antonio del _958240 |
|
| 245 | 1 | 0 |
_aUna vida de película _cJosé Antonio del Cañizo ; ilustraciones de Damián Ortega |
| 250 | _a2a ed | ||
| 260 |
_c1995 _bFondo de cultura económica _aMéxico D.F. (México) |
||
| 300 |
_a145 páginas _bilustraciones |
||
| 490 |
_aA la orilla del viento _v46 |
||
| 650 | 7 |
_97793 _aLiteratura española |
|
| 650 | 7 |
_920500 _aNovela española |
|
| 650 | 7 |
_97795 _aLiteratura juvenil |
|
| 690 |
_942863 _aLiteratura europea |
||
| 700 | 1 |
_aOrtega, Damián _eilustrador _958241 |
|
| 942 |
_a18 _cLIBRO _e2 _mC235 _2DEWEY _h863.64 _n0 |
||
| 999 |
_c240164 _d240164 |
||